Bárd Adolf

Elmentve itt :
Bibliográfiai részletek
Dokumentumtípus: Cikk
Megjelent: 1927-11-10
Sorozat:Délmagyarország 3 No. 257
Kulcsszavak:Bárd Adolf, Gyászjelentés Szeged 1927
Online Access:http://dmarchiv.bibl.u-szeged.hu/38130
LEADER 00406nab a2200145 i 4500
001 delm38130
005 20180927112919.0
008 180927s1927 hu o 0|| hun d
040 |a SZTE Délmagyarország Archívum  |b hun 
041 |a hun 
245 0 0 |a Bárd Adolf  |h [elektronikus dokumentum] 
260 |c 1927-11-10 
300 |a 7 
490 0 |a Délmagyarország  |v 3 No. 257 
695 |a Bárd Adolf, Gyászjelentés Szeged 1927